[Event "DEM U14 2015"]
[Site "Willingen GER"]
[Date "2015.05.24"]
[Round "1"]
[White "Martin, Julian"]
[Black "Weber, Samuel"]
[Result "1-0"]
[Termination "normal"]
[Board "1"]
[WhiteElo "2281"]
[BlackElo "1954"]
[WhiteClock "01:00:37"]
[BlackClock "00:26:46"]
[PlyCount "57"]
[WhiteFideId "12941000"]
[BlackFideId "12924008"]
[EventCountry "GER"]
[EventRounds "9"]
[EventType "swiss"]
[EventDate "2015.05.23"]

1. e4 d5 2. exd5 Qxd5 3. Nc3 Qd6 4. d4 Nf6 5. Nf3 c6 6. Ne5 Nbd7 7. Nc4 Qc7 8.
Qf3 Nb6 9. Bf4 Qd8 10. Be5 Bg4 11. Qg3 h5 12. h4 Be6 13. Ne3 Nbd5 14. Nexd5
Nxd5 15. Nxd5 Qxd5 16. Bd3 f6 17. Bf4 Qxd4 18. O-O-O Qa4 19. Rhe1 Bf7 20. Bf5
e6 21. Bxe6 Bxe6 22. Qg6+ Ke7 23. Bd6+ Kd7 24. Bxf8+ Kc7 25. Bd6+ Kb6 26. Rxe6
Qxa2 27. Re3 Qa1+ 28. Kd2 Qa5+ 29. Ke2 1-0

[Event "DEM U14 2015"]
[Site "Willingen GER"]
[Date "2015.05.24"]
[Round "1"]
[White "Vuckovic, Zarko"]
[Black "Engel, Luis"]
[Result "1/2-1/2"]
[Termination "normal"]
[Board "2"]
[WhiteElo "1790"]
[BlackElo "2212"]
[WhiteClock "00:41:59"]
[BlackClock "00:29:49"]
[PlyCount "83"]
[WhiteFideId "12952087"]
[BlackFideId "12961523"]
[EventCountry "GER"]
[EventRounds "9"]
[EventType "swiss"]
[EventDate "2015.05.23"]

1. e4 g6 2. h4 h5 3. Nf3 Bg7 4. Bc4 d6 5. Ng5 e6 6. Qf3 Nf6 7. Bb3 c5 8. O-O
O-O 9. c3 Nc6 10. d3 d5 11. Re1 b5 12. Bf4 c4 13. Bc2 e5 14. Bg3 d4 15. Qe2 Ba6
16. Nd2 dxc3 17. bxc3 Qa5 18. dxc4 Qxc3 19. cxb5 Nd4 20. Qd1 Nxb5 21. Ndf3 Ng4
22. Bb3 Rac8 23. Rc1 Qb4 24. Rxc8 Bxc8 25. Qd5 Nd4 26. Qc4 Qa5 27. Qd5 Nxb3 28.
Qxb3 Qb6 29. Qxb6 axb6 30. Nh2 f6 31. Ngf3 Nh6 32. Rb1 Be6 33. Rxb6 Bxa2 34.
Rb2 Ra8 35. Nd2 f5 36. f3 f4 37. Bf2 Nf7 38. Nhf1 Bf6 39. Nb3 Be7 40. Nfd2 Bxb3
41. Rxb3 Ra1+ 42. Rb1 1/2-1/2

[Event "DEM U14 2015"]
[Site "Willingen GER"]
[Date "2015.05.24"]
[Round "1"]
[White "Buckels, Valentin"]
[Black "Browning, Alex"]
[Result "1/2-1/2"]
[Termination "normal"]
[Board "3"]
[WhiteElo "2178"]
[BlackElo "1864"]
[WhiteClock "00:30:58"]
[BlackClock "00:18:44"]
[PlyCount "104"]
[WhiteFideId "12942766"]
[BlackFideId "12984019"]
[EventCountry "GER"]
[EventRounds "9"]
[EventType "swiss"]
[EventDate "2015.05.23"]

1. d4 Nf6 2. c4 g6 3. g3 Bg7 4. Bg2 O-O 5. Nf3 d6 6. O-O Nc6 7. Nc3 a6 8. b3
Rb8 9. Nd5 Bg4 10. Bb2 Qd7 11. Re1 b5 12. Nxf6+ Bxf6 13. Rc1 Na7 14. Qc2 Rfc8
15. e4 Bg7 16. Qd2 c5 17. dxc5 Bxb2 18. Qxb2 Bxf3 19. Bxf3 Rxc5 20. cxb5 Qxb5
21. Be2 Qa5 22. Red1 Rbc8 23. Bc4 Nc6 24. Rb1 Qb6 25. Qe2 a5 26. Rb2 Ne5 27.
Bd5 Rc3 28. Kg2 Nf3 29. Bc4 Ne5 30. Qd2 Rf3 31. Rf1 Qc6 32. Bd5 Qc7 33. b4 e6
34. Bb3 Qc6 35. Qe2 axb4 36. Rd1 Rc3 37. Rbd2 Rd8 38. Rd4 Qc5 39. R4d2 Nc6 40.
Qg4 h5 41. Qf4 Ne5 42. Rd4 Rd7 43. h3 Kg7 44. h4 Nc4 45. Rxc4 Rxc4 46. Bxc4
Qxc4 47. Rxd6 Rxd6 48. Qxd6 Qxe4+ 49. Kg1 Qe1+ 50. Kg2 Qc3 51. Kg1 e5 52. Kg2
Qd4 1/2-1/2

[Event "DEM U14 2015"]
[Site "Willingen GER"]
[Date "2015.05.24"]
[Round "1"]
[White "Piskaykin, Bogdan"]
[Black "Schmidek, Emil"]
[Result "0-1"]
[Termination "normal"]
[Board "4"]
[WhiteElo "1771"]
[BlackElo "2163"]
[WhiteClock "00:48:05"]
[BlackClock "00:06:01"]
[PlyCount "54"]
[WhiteFideId "12941212"]
[BlackFideId "12908150"]
[EventCountry "GER"]
[EventRounds "9"]
[EventType "swiss"]
[EventDate "2015.05.23"]

1. e4 e5 2. Nf3 Nc6 3. d4 exd4 4. Bc4 Nf6 5. O-O Bc5 6. e5 d5 7. exf6 dxc4 8.
Re1+ Be6 9. fxg7 Rg8 10. Bg5 Be7 11. Bxe7 Qxe7 12. Nxd4 Rd8 13. c3 Rxg7 14. Qa4
Rxg2+ 15. Kxg2 Bh3+ 16. Kxh3 Qxe1 17. Qxc4 Nxd4 18. cxd4 Rd6 19. Qb5+ Kf8 20.
Qc5 Kg8 21. d5 Rg6 22. Qd4 Qg1 23. Qf4 f5 24. f3 Qf1+ 25. Kh4 Rg4+ 26. fxg4
Qxf4 27. h3 Qf2+ 0-1

[Event "DEM U14 2015"]
[Site "Willingen GER"]
[Date "2015.05.24"]
[Round "1"]
[White "Fieberg, Samuel"]
[Black "Oganessjan, Artur"]
[Result "1-0"]
[Termination "normal"]
[Board "5"]
[WhiteElo "2168"]
[BlackElo "1857"]
[WhiteClock "00:40:02"]
[BlackClock "00:38:12"]
[PlyCount "79"]
[WhiteFideId "12901717"]
[BlackFideId "12986062"]
[EventCountry "GER"]
[EventRounds "9"]
[EventType "swiss"]
[EventDate "2015.05.23"]

1. e4 c5 2. Nf3 e6 3. g3 Nc6 4. Bg2 d6 5. O-O Nf6 6. Re1 Be7 7. d4 cxd4 8. Nxd4
O-O 9. c4 a6 10. Nc3 Qc7 11. b3 Rd8 12. Be3 Bd7 13. Rc1 Nxd4 14. Bxd4 Bc6 15.
Qe2 e5 16. Be3 Rac8 17. f3 Nd7 18. Bh3 Ra8 19. b4 b6 20. b5 Bb7 21. Bxd7 Rxd7
22. Na4 axb5 23. Nxb6 bxc4 24. Rxc4 Qd8 25. Nxa8 Qxa8 26. Rec1 Rd8 27. Rc7 Bf8
28. Qb5 Ba6 29. Qb3 d5 30. Ra7 Qb8 31. Qxb8 Rxb8 32. Rxa6 d4 33. Bd2 h6 34. Kf1
Kh7 35. Ke2 Rb2 36. Kd3 f6 37. f4 h5 38. f5 g6 39. Ra7+ Kg8 40. Rh1 1-0

[Event "DEM U14 2015"]
[Site "Willingen GER"]
[Date "2015.05.24"]
[Round "1"]
[White "Acikel, Mert"]
[Black "Rieß, Alexander"]
[Result "0-1"]
[Termination "normal"]
[Board "6"]
[WhiteElo "1887"]
[BlackElo "2150"]
[WhiteClock "00:00:43"]
[BlackClock "00:54:57"]
[PlyCount "74"]
[WhiteFideId "12956465"]
[BlackFideId "12953326"]
[EventCountry "GER"]
[EventRounds "9"]
[EventType "swiss"]
[EventDate "2015.05.23"]

1. e4 c5 2. Nf3 d6 3. d4 cxd4 4. Nxd4 Nf6 5. Nc3 a6 6. Be3 e6 7. Be2 Nbd7 8.
O-O b5 9. a3 Bb7 10. f3 Be7 11. Qe1 O-O 12. Qg3 Rc8 13. Rad1 Re8 14. Kh1 Bf8
15. Rfe1 Qc7 16. Rd2 Ne5 17. Red1 Nc4 18. Bxc4 Qxc4 19. e5 dxe5 20. Qxe5 b4 21.
Na4 Nd5 22. b3 Qc7 23. Qxc7 Rxc7 24. Bf2 bxa3 25. Bg3 e5 26. Ne2 Ne3 27. Rc1
Nf5 28. Bf2 g6 29. Ra1 Bh6 30. Bb6 Rc6 31. Rd3 Rxc2 32. Ng3 Nxg3+ 33. hxg3 e4
34. Rd7 Bc6 35. Rd8 Rxd8 36. Bxd8 exf3 37. Bf6 Rxg2 0-1

[Event "DEM U14 2015"]
[Site "Willingen GER"]
[Date "2015.05.24"]
[Round "1"]
[White "Gungl, Theo"]
[Black "Weller, Uli"]
[Result "0-1"]
[Termination "normal"]
[Board "7"]
[WhiteElo "2085"]
[BlackElo "1786"]
[WhiteClock "00:00:42"]
[BlackClock "00:29:07"]
[PlyCount "154"]
[WhiteFideId "24695653"]
[BlackFideId "12971782"]
[EventCountry "GER"]
[EventRounds "9"]
[EventType "swiss"]
[EventDate "2015.05.23"]

1. e4 e6 2. d4 d5 3. Nd2 Be7 4. c3 Nf6 5. e5 Nfd7 6. Bd3 c5 7. Ne2 Nc6 8. O-O
Qb6 9. Nf3 O-O 10. a3 a5 11. Bc2 Rd8 12. Rb1 Qc7 13. Ne1 Nf8 14. f4 f5 15. exf6
Bxf6 16. Nf3 cxd4 17. cxd4 Bd7 18. Ne5 Be8 19. Be3 Bxe5 20. fxe5 Bg6 21. Nc3
Bxc2 22. Qxc2 Qb6 23. Qf2 Kh8 24. Na4 Qb5 25. Nc5 Rab8 26. Qf7 Re8 27. Rf2 b6
28. Rbf1 Ne7 29. Qxe7 Qxf1+ 30. Kxf1 Rxe7 31. Nd3 h6 32. Rc2 Kg8 33. Ke2 Rbb7
34. Bd2 Rbc7 35. Bc3 Rf7 36. Rc1 Ng6 37. g3 Ne7 38. Nf4 Rc6 39. Rd1 g5 40. Nh5
Rc8 41. Nf6+ Kg7 42. Nd7 Rc6 43. Nf6 Rf8 44. Rf1 Kg6 45. h4 Ng8 46. Nxg8 Rxg8
47. Rf6+ Kh5 48. Bd2 gxh4 49. Rxh6+ Kg4 50. gxh4 Rf8 51. h5 Rf5 52. Rg6+ Kxh5
53. Rh6+ Kg4 54. Rg6+ Kh4 55. Rh6+ Rh5 56. Rg6 Kh3 57. Rg8 Rh4 58. Kd3 Rg4 59.
Rh8+ Kg2 60. Rh6 Rg3+ 61. Ke2 Rc4 62. Bc3 b5 63. Rxe6 b4 64. axb4 axb4 65. Be1
Rg4 66. Bd2 Rcxd4 67. Re8 Rg6 68. Kd1 b3 69. Ke1 Kf3 70. Rf8+ Ke4 71. Bc3 Ra4
72. Rf6 Ra6 73. Rf2 d4 74. Re2+ Kd5 75. Bb4 d3 76. Re3 Kd4 77. Rh3 Rac6 0-1

[Event "DEM U14 2015"]
[Site "Willingen GER"]
[Date "2015.05.24"]
[Round "1"]
[White "Toptschiev, David"]
[Black "Muckle, Julius"]
[Result "1-0"]
[Termination "normal"]
[Board "8"]
[WhiteElo "1873"]
[BlackElo "2129"]
[WhiteClock "00:24:20"]
[BlackClock "00:00:34"]
[PlyCount "67"]
[WhiteFideId "12968005"]
[BlackFideId "12942430"]
[EventCountry "GER"]
[EventRounds "9"]
[EventType "swiss"]
[EventDate "2015.05.23"]

1. e4 e6 2. d4 d5 3. Nd2 dxe4 4. Nxe4 Bd7 5. Nf3 Bc6 6. Bd3 Nd7 7. O-O Ngf6 8.
Ng3 Be7 9. b3 b6 10. Bb2 Bb7 11. c4 c5 12. Qe2 cxd4 13. Nxd4 Qc7 14. Rad1 O-O
15. Ne4 Rad8 16. Nb5 Qb8 17. Ng5 a6 18. Nd4 Nc5 19. Bc2 h6 20. Ngxe6 fxe6 21.
Nxe6 Rxd1 22. Rxd1 Rf7 23. Bg6 Nxe6 24. Qxe6 Qf8 25. Bxf6 gxf6 26. Rd3 Qe8 27.
Rg3 Kf8 28. Qe3 Qd8 29. Qxh6+ Rg7 30. Bd3 Ke8 31. Qxg7 Kd7 32. Re3 Qf8 33. Bf5+
Kd8 34. Rd3+ 1-0

[Event "DEM U14 2015"]
[Site "Willingen GER"]
[Date "2015.05.24"]
[Round "1"]
[White "Poghosyan, Tigran"]
[Black "Schirra, Maurice"]
[Result "1/2-1/2"]
[Termination "normal"]
[Board "9"]
[WhiteElo "2136"]
[BlackElo "1791"]
[WhiteClock "00:05:48"]
[BlackClock "00:03:04"]
[PlyCount "87"]
[WhiteFideId "12909319"]
[BlackFideId "12941115"]
[EventCountry "GER"]
[EventRounds "9"]
[EventType "swiss"]
[EventDate "2015.05.23"]

1. e4 e5 2. Nf3 Nf6 3. d4 Nxe4 4. Bd3 d5 5. Nxe5 Bd6 6. Nc3 Nxc3 7. bxc3 Nd7 8.
Nxd7 Bxd7 9. Qh5 g6 10. Qh6 Bf8 11. Qf4 Bd6 12. Qf3 O-O 13. O-O c6 14. Rb1 Rb8
15. Qe3 Re8 16. Qh6 Bf8 17. Qf4 Be6 18. Qg3 Bd6 19. Bf4 Bxf4 20. Qxf4 b6 21.
Qg3 Qc8 22. f4 Bf5 23. Rbe1 Qd7 24. Bxf5 Qxf5 25. Re5 Qxc2 26. f5 Rbd8 27. Qh4
Qxc3 28. fxg6 fxg6 29. Rfe1 Rf8 30. Re7 h5 31. h3 Qd2 32. Kh1 Qf4 33. Qxf4 Rxf4
34. R1e6 Rxd4 35. Rxg6+ Kf8 36. Rgg7 Rf4 37. Rxa7 d4 38. Rh7 Kg8 39. Rag7+ Kf8
40. Rc7 Kg8 41. Rcg7+ Kf8 42. Rg6 c5 43. Rxb6 Kg8 44. Rbh6 1/2-1/2

[Event "DEM U14 2015"]
[Site "Willingen GER"]
[Date "2015.05.24"]
[Round "1"]
[White "Wendler, David"]
[Black "Renger, Niklas"]
[Result "0-1"]
[Termination "normal"]
[Board "10"]
[WhiteElo "1807"]
[BlackElo "1942"]
[WhiteClock "00:00:36"]
[BlackClock "00:11:17"]
[PlyCount "152"]
[WhiteFideId "12938360"]
[BlackFideId "12908096"]
[EventCountry "GER"]
[EventRounds "9"]
[EventType "swiss"]
[EventDate "2015.05.23"]

1. c4 c5 2. Nc3 Nc6 3. g3 Nf6 4. Bg2 g6 5. d3 Bg7 6. e4 d6 7. Nge2 O-O 8. O-O
a6 9. f4 Rb8 10. h3 Qc7 11. a4 Nd4 12. Be3 Nxe2+ 13. Qxe2 Bd7 14. d4 Nh5 15.
Bf2 cxd4 16. Nd5 Qd8 17. g4 Nf6 18. e5 Nxd5 19. cxd5 dxe5 20. fxe5 d3 21. Qe3
e6 22. d6 Qa5 23. Bg3 Bc6 24. Qxd3 Bxg2 25. Kxg2 Rfd8 26. Qd4 Rbc8 27. Rac1
Rxc1 28. Rxc1 b5 29. Be1 b4 30. Rc5 Qxa4 31. Qxb4 Qd1 32. Qd2 Qb3 33. Qc2 Qxc2+
34. Rxc2 Bxe5 35. Bb4 Bxd6 36. Ba5 Rb8 37. Rc6 Rxb2+ 38. Kg1 Bh2+ 39. Kh1 Be5
40. Rc8+ Kg7 41. Kg1 Rb3 42. Re8 Rxh3 43. Be1 Rb3 44. Kf1 Rf3+ 45. Ke2 Rf4 46.
g5 Re4+ 47. Kf1 Rxe1+ 48. Kxe1 Bf4 49. Ra8 Bxg5 50. Rxa6 h5 51. Ra7 Bf4 52. Ke2
g5 53. Kf3 Kg6 54. Ke4 f5+ 55. Kf3 h4 56. Ra6 Kf6 57. Ra8 h3 58. Rh8 Ke5 59.
Kf2 g4 60. Rd8 g3+ 61. Kg1 g2 62. Rd3 h2+ 63. Kxg2 Kf6 64. Rh3 e5 65. Rh8 Ke6
66. Kf3 Kd5 67. Rd8+ Kc4 68. Kg2 Bg3 69. Rh8 f4 70. Kf3 Kd3 71. Rd8+ Kc3 72.
Rh8 Kd2 73. Kg2 Ke2 74. Rh5 e4 75. Rf5 e3 76. Kh1 Kf3 0-1

[Event "DEM U14 2015"]
[Site "Willingen GER"]
[Date "2015.05.24"]
[Round "1"]
[White "Zienert, Richard"]
[Black "Silber, Kevin"]
[Result "1-0"]
[Termination "normal"]
[Board "11"]
[WhiteElo "2085"]
[BlackElo "1841"]
[PlyCount "77"]
[WhiteFideId "12945986"]
[BlackFideId "12930440"]
[EventCountry "GER"]
[EventRounds "9"]
[EventType "swiss"]
[EventDate "2015.05.23"]

1. e4 e5 2. Nf3 Nc6 3. Bb5 a6 4. Ba4 Nf6 5. O-O Be7 6. Re1 b5 7. Bb3 O-O 8. a4
b4 9. d4 d6 10. c3 bxc3 11. bxc3 Bg4 12. d5 Na5 13. Bc2 Qd7 14. h3 Bh5 15. Nbd2
c5 16. Nf1 Rfb8 17. Ng3 Bxf3 18. Qxf3 Nb3 19. Bxb3 Rxb3 20. Nf5 Bd8 21. Bd2
Rab8 22. g4 g6 23. Ng3 Ne8 24. Kg2 Ba5 25. h4 Rb2 26. Bh6 Rc2 27. Rec1 Bxc3 28.
Rxc2 Bxa1 29. h5 Qxa4 30. hxg6 hxg6 31. Rc1 Rb3 32. Rxa1 Qb4 33. Be3 a5 34. Rh1
a4 35. Nf5 gxf5 36. Qxf5 Rxe3 37. Qg5+ Ng7 38. Qd8+ Ne8 39. Qxe8+ 1-0

[Event "DEM U14 2015"]
[Site "Willingen GER"]
[Date "2015.05.24"]
[Round "1"]
[White "Wiesner, Alexander"]
[Black "Reuker, Jari"]
[Result "1/2-1/2"]
[Termination "normal"]
[Board "12"]
[WhiteElo "1854"]
[BlackElo "2057"]
[PlyCount "154"]
[WhiteFideId "12943991"]
[BlackFideId "12909300"]
[EventCountry "GER"]
[EventRounds "9"]
[EventType "swiss"]
[EventDate "2015.05.23"]

1. f4 d5 2. Nf3 g6 3. g3 Bg7 4. Bg2 c5 5. d3 Nc6 6. O-O Nf6 7. c3 O-O 8. Qe1
Re8 9. e4 e5 10. fxe5 dxe4 11. dxe4 Ng4 12. Bf4 Ngxe5 13. Nxe5 Nxe5 14. Na3 Be6
15. Qe2 Qe7 16. Bxe5 Bxe5 17. Nc4 Qc7 18. Rad1 h5 19. Nxe5 Qxe5 20. a3 Kg7 21.
Qf2 Rad8 22. Qf4 Qxf4 23. gxf4 Bb3 24. Rxd8 Rxd8 25. f5 b5 26. fxg6 fxg6 27. h4
Bc4 28. Rf2 Rd1+ 29. Kh2 Bd3 30. Kg3 Re1 31. Kf4 Kf6 32. Rd2 c4 33. Rf2 a6 34.
Rd2 a5 35. Rf2 Rd1 36. e5+ Ke6 37. Bh3+ Ke7 38. e6 Rh1 39. Kg3 Re1 40. Rf7+ Ke8
41. Ra7 Re3+ 42. Kh2 Re2+ 43. Kg1 a4 44. Ra5 Re5 45. Bg2 Ke7 46. Bc6 Re1+ 47.
Kf2 Re2+ 48. Kf3 Rxb2 49. Bd5 Bf5 50. Ra7+ Kd6 51. e7 Bg4+ 52. Kf4 Re2 53. Be4
Bd7 54. Bxg6 Rxe7 55. Bxh5 Re1 56. Bg6 Rc1 57. h5 Rxc3 58. h6 Bc6 59. h7 Rh3
60. Rg7 Bd5 61. Bf5 Rh4+ 62. Kg5 Rh2 63. Rd7+ Kc5 64. Rd8 b4 65. axb4+ Kxb4 66.
h8=Q Rxh8 67. Rxh8 a3 68. Rb8+ Kc3 69. Bb1 Be4 70. Ba2 Bc2 71. Kf4 Bb3 72. Bb1
Kb2 73. Ra8 Kxb1 74. Rxa3 Kb2 75. Ra7 c3 76. Rc7 c2 77. Rxc2+ Bxc2 1/2-1/2

[Event "DEM U14 2015"]
[Site "Willingen GER"]
[Date "2015.05.24"]
[Round "1"]
[White "Stein, Robert"]
[Black "Hinrichs, Niklas"]
[Result "1-0"]
[Termination "normal"]
[Board "13"]
[WhiteElo "2010"]
[BlackElo "1818"]
[PlyCount "45"]
[WhiteFideId "12921084"]
[BlackFideId "12942499"]
[EventCountry "GER"]
[EventRounds "9"]
[EventType "swiss"]
[EventDate "2015.05.23"]

1. e4 c5 2. Nf3 d6 3. d4 cxd4 4. Nxd4 Nf6 5. Nc3 a6 6. Bg5 e6 7. f4 h6 8. Bxf6
Qxf6 9. Qd2 Qd8 10. O-O-O b5 11. Bd3 Be7 12. Kb1 Bb7 13. g4 Nd7 14. Rhg1 Qb6
15. Nce2 Nc5 16. Ng3 Rc8 17. Nb3 O-O 18. g5 hxg5 19. fxg5 b4 20. Qf4 a5 21. Nh5
Nxb3 22. axb3 a4 23. Nf6+ 1-0

[Event "DEM U14 2015"]
[Site "Willingen GER"]
[Date "2015.05.24"]
[Round "1"]
[White "Riedel, Erich"]
[Black "Hofmann, Rares"]
[Result "0-1"]
[Termination "normal"]
[Board "14"]
[WhiteElo "1783"]
[BlackElo "2003"]
[PlyCount "76"]
[WhiteFideId "12958646"]
[BlackFideId "12976440"]
[EventCountry "GER"]
[EventRounds "9"]
[EventType "swiss"]
[EventDate "2015.05.23"]

1. e4 e5 2. Nf3 Nc6 3. d4 exd4 4. Nxd4 Nf6 5. Nxc6 bxc6 6. e5 Qe7 7. Qe2 Nd5 8.
c4 Ba6 9. b3 g6 10. f4 d6 11. Qd2 Nb6 12. Ba3 c5 13. Be2 dxe5 14. fxe5 Bg7 15.
Nc3 Qxe5 16. Bb2 Rd8 17. Qc2 O-O 18. Rd1 Bb7 19. O-O Qe3+ 20. Kh1 Rfe8 21. Bd3
Be5 22. Nd5 Nxd5 23. Bc1 Qh3 24. gxh3 Ne3+ 25. Be4 Rxd1 26. Rxd1 Nxc2 27. Bxb7
Bd6 28. Bd5 Re2 29. Rf1 Rxh2+ 30. Kg1 Nd4 31. Bf4 Bxf4 32. Bxf7+ Kg7 33. Rxf4
Rxa2 34. Rf1 Ne2+ 35. Kg2 Nf4+ 36. Kg3 Nh5+ 37. Kh4 Rd2 38. Bd5 Rd4+ 0-1

[Event "DEM U14 2015"]
[Site "Willingen GER"]
[Date "2015.05.24"]
[Round "1"]
[White "Mätzkow, Maximilian Paul"]
[Black "Langjahr, Marius"]
[Result "1/2-1/2"]
[Termination "normal"]
[Board "15"]
[WhiteElo "2050"]
[BlackElo "1812"]
[PlyCount "74"]
[WhiteFideId "24679933"]
[BlackFideId "12974625"]
[EventCountry "GER"]
[EventRounds "9"]
[EventType "swiss"]
[EventDate "2015.05.23"]

1. e4 e6 2. d4 d5 3. Nc3 Bb4 4. exd5 exd5 5. Bd3 c6 6. a3 Bd6 7. Nge2 Nf6 8.
Bf4 O-O 9. O-O Be6 10. Qd2 Bxf4 11. Nxf4 Qd6 12. Rfe1 Nbd7 13. Nce2 Rfe8 14.
Ng3 Nf8 15. Rad1 Qd7 16. c3 Re7 17. Bf5 Rae8 18. Bxe6 fxe6 19. Nd3 Qc7 20. Re2
b6 21. b4 N6d7 22. f4 c5 23. Rde1 c4 24. Ne5 Nxe5 25. Rxe5 Ng6 26. h3 Nxe5 27.
Rxe5 b5 28. Qe3 g6 29. h4 a5 30. h5 axb4 31. axb4 Qd7 32. h6 Kf8 33. Nh1 Rf7
34. Nf2 Rf5 35. g4 Rf7 36. Nh3 Ke7 37. Ng5 Kd6 1/2-1/2

[Event "DEM U14 2015"]
[Site "Willingen GER"]
[Date "2015.05.24"]
[Round "1"]
[White "Ortmeier, Leonard"]
[Black "Ewert, Hannes"]
[Result "0-1"]
[Termination "normal"]
[Board "16"]
[WhiteElo "1737"]
[BlackElo "1930"]
[PlyCount "74"]
[WhiteFideId "12993662"]
[BlackFideId "12961574"]
[EventCountry "GER"]
[EventRounds "9"]
[EventType "swiss"]
[EventDate "2015.05.23"]

1. e4 c5 2. Nf3 Nc6 3. d4 cxd4 4. Nxd4 g6 5. Nc3 Bg7 6. Be3 Nf6 7. Bc4 O-O 8.
f3 Qb6 9. Rb1 Ng4 10. Nd5 Nxe3 11. Nxb6 Nxd1 12. Nxc6 dxc6 13. Nxa8 Ne3 14. Bb3
Nxg2+ 15. Kf2 Nf4 16. c3 Be5 17. Rbd1 Be6 18. Bxe6 Nxe6 19. Rd7 Nc5 20. Rd2
Rxa8 21. h3 Kf8 22. Rhd1 Ke8 23. Ke2 Bc7 24. Kf2 Rd8 25. Rxd8+ Bxd8 26. Ke3 Bb6
27. Kf4 Ne6+ 28. Kg3 Be3 29. Rd3 Bf4+ 30. Kf2 Be5 31. h4 h5 32. Rd1 f6 33. Rh1
Kf7 34. a3 Kg7 35. Rd1 Bd6 36. b4 Kh6 37. c4 b6 0-1

[Event "DEM U14 2015"]
[Site "Willingen GER"]
[Date "2015.05.24"]
[Round "1"]
[White "Holinka, Henning"]
[Black "Hoffmann, Lennard"]
[Result "1-0"]
[Termination "normal"]
[Board "17"]
[WhiteElo "1872"]
[BlackElo "1815"]
[PlyCount "99"]
[WhiteFideId "12967084"]
[BlackFideId "12943495"]
[EventCountry "GER"]
[EventRounds "9"]
[EventType "swiss"]
[EventDate "2015.05.23"]

1. d4 d5 2. Nf3 Nf6 3. Nbd2 Bf5 4. Nh4 e6 5. Nxf5 exf5 6. e3 Bd6 7. Bd3 Ne4 8.
c4 Qh4 9. Qf3 Nc6 10. cxd5 Nb4 11. Bb1 Ng5 12. Qe2 O-O 13. Nf3 Nxf3+ 14. Qxf3
Rfe8 15. a3 Na6 16. Qxf5 g6 17. Qd3 f5 18. g3 Qh3 19. Qf1 Qg4 20. Qe2 Qh3 21.
Qf3 Re7 22. Bd3 Nb8 23. Bd2 Nd7 24. Bf1 Qh6 25. O-O-O Qg7 26. h3 Rf7 27. Bc4 a6
28. Qg2 b5 29. Bb3 a5 30. f3 Qf8 31. Kc2 a4 32. Ba2 Nb6 33. Kb1 Rb8 34. Rhe1
Nc4 35. Bxc4 bxc4 36. Ka2 Rb3 37. Bc1 c3 38. bxc3 Bxa3 39. Qc2 Bd6 40. f4 Qa8
41. c4 Bb4 42. Rd3 Rf8 43. Bb2 Rb8 44. g4 Qa6 45. gxf5 Rxd3 46. Qxd3 a3 47. Ba1
gxf5 48. Rg1+ Kh8 49. d6 h5 50. d5+ 1-0

[Event "DEM U14 2015"]
[Site "Willingen GER"]
[Date "2015.05.24"]
[Round "1"]
[White "Viol, Julius"]
[Black "Roseneck, Jonas"]
[Result "0-1"]
[Termination "normal"]
[Board "18"]
[WhiteElo "1558"]
[BlackElo "1975"]
[PlyCount "62"]
[WhiteFideId "12958492"]
[BlackFideId "12939870"]
[EventCountry "GER"]
[EventRounds "9"]
[EventType "swiss"]
[EventDate "2015.05.23"]

1. d4 Nf6 2. c4 g6 3. Nc3 Bg7 4. e4 d6 5. f3 O-O 6. Be3 Nc6 7. Qd2 a6 8. Nge2
Na5 9. Nc1 Nd7 10. Nb3 Nxb3 11. axb3 e5 12. d5 f5 13. Bg5 Nf6 14. exf5 gxf5 15.
Bd3 Qe8 16. Qc2 Qg6 17. Bxf6 Qxf6 18. O-O-O b5 19. cxb5 axb5 20. Kb1 b4 21. Ne2
Qe7 22. Qc4 c5 23. dxc6+ Be6 24. Qc2 Qa7 25. Kc1 Bh6+ 26. f4 exf4 27. Rd2 f3
28. gxf3 Qe3 29. Rg1+ Kh8 30. Qd1 Qxd3 31. f4 Ra1# 0-1

[Event "DEM U14 2015"]
[Site "Willingen GER"]
[Date "2015.05.24"]
[Round "1"]
[White "Wierzbicki, Jirawat"]
[Black "Schäfer, Nicolas"]
[Result "1-0"]
[Termination "normal"]
[Board "19"]
[WhiteElo "1972"]
[BlackElo "1595"]
[PlyCount "129"]
[WhiteFideId "1153579"]
[BlackFideId "12988901"]
[EventCountry "GER"]
[EventRounds "9"]
[EventType "swiss"]
[EventDate "2015.05.23"]

1. e4 c5 2. c3 Nf6 3. e5 Nd5 4. d4 cxd4 5. cxd4 d6 6. Nf3 Nc6 7. Bc4 Nb6 8. Bb5
Bd7 9. Qe2 e6 10. Nc3 a6 11. Bd3 Qc7 12. Bf4 Be7 13. Rc1 Qb8 14. a3 g5 15. exd6
g4 16. Ne5 Bxd6 17. Nxc6 Bxc6 18. Bxd6 Qxd6 19. Qxg4 Rd8 20. Ne2 Ke7 21. Qg5+
Ke8 22. Qg7 Qf8 23. Qxf8+ Kxf8 24. f3 Nd5 25. Bxa6 Rg8 26. Kf2 Ne7 27. Bd3 h6
28. Rhd1 Rg5 29. Be4 Bb5 30. Nf4 Bc6 31. h4 Rb5 32. b4 Bxe4 33. fxe4 Ng6 34.
Nxg6+ fxg6 35. Rc7 Kg8 36. Re7 Rb6 37. Ke3 Rc8 38. Rd3 Rc2 39. Kf3 h5 40. Kg3
Kf8 41. Rd7 Rbc6 42. Rxb7 R6c3 43. Rf3+ Rxf3+ 44. gxf3 Rc3 45. a4 Rc4 46. d5
exd5 47. exd5 Rd4 48. Rb5 Ke7 49. a5 Kd7 50. a6 Rd1 51. a7 Rg1+ 52. Kf2 Ra1 53.
Ra5 Rxa5 54. bxa5 g5 55. a8=Q Kd6 56. a6 Ke5 57. a7 Kd4 58. Qb7 Ke5 59. a8=R g4
60. Qe7+ Kd4 61. Ra4+ Kd3 62. Qe3+ Kc2 63. Ra2+ Kb1 64. Qe2 Kc1 65. Qc2# 1-0

[Event "DEM U14 2015"]
[Site "Willingen GER"]
[Date "2015.05.24"]
[Round "1"]
[White "Wong, Gengchun"]
[Black "Pommerenke, Kayonzo"]
[Result "1-0"]
[Termination "normal"]
[Board "21"]
[WhiteElo "2015"]
[BlackElo "1601"]
[PlyCount "69"]
[WhiteFideId "12963283"]
[BlackFideId "12968129"]
[EventCountry "GER"]
[EventRounds "9"]
[EventType "swiss"]
[EventDate "2015.05.23"]

1. e4 e5 2. Nf3 Nf6 3. Nc3 Nc6 4. d4 exd4 5. Nxd4 Bc5 6. Be3 Nxd4 7. Bxd4 Qe7
8. Bxc5 Qxc5 9. Bd3 d6 10. O-O O-O 11. Qd2 Be6 12. Kh1 Nd7 13. Nd5 Kh8 14. Ne3
Rae8 15. f4 Nf6 16. Nd1 Bc4 17. Nc3 Nd7 18. b3 Bxd3 19. cxd3 f5 20. d4 Qb4 21.
e5 c5 22. dxc5 Qxc5 23. Na4 Qa3 24. exd6 Nc5 25. Nxc5 Qxc5 26. Rac1 Qb6 27.
Rfe1 Rd8 28. d7 Qb5 29. Re7 a5 30. h3 a4 31. Qd4 Rg8 32. bxa4 Qa6 33. Rc8 Qf6
34. Qxf6 gxf6 35. Rxd8 1-0

[Event "DEM U14 2015"]
[Site "Willingen GER"]
[Date "2015.05.24"]
[Round "1"]
[White "Schumacher, Ole"]
[Black "Degenhard, Simon"]
[Result "0-1"]
[Termination "normal"]
[Board "22"]
[WhiteElo "1414"]
[BlackElo "1851"]
[PlyCount "90"]
[WhiteFideId "12971898"]
[BlackFideId "12944017"]
[EventCountry "GER"]
[EventRounds "9"]
[EventType "swiss"]
[EventDate "2015.05.23"]

1. e4 c5 2. Nf3 e6 3. d4 cxd4 4. Nxd4 a6 5. Bd3 Bc5 6. Nb3 Ba7 7. Nc3 d6 8. O-O
Nc6 9. Kh1 Nge7 10. Bg5 h6 11. Bh4 b5 12. f4 Qc7 13. Qe2 Bb7 14. Rae1 Ng6 15.
Bg3 O-O-O 16. a4 b4 17. Nb1 a5 18. N1d2 Rhe8 19. Ba6 Bxa6 20. Qxa6+ Qb7 21. Qb5
Nge7 22. Nc4 Qxb5 23. axb5 a4 24. Nba5 Nxa5 25. Nxa5 Bb6 26. Nc4 Kb7 27. f5 Nc8
28. fxe6 f6 29. Ra1 Rxe6 30. Rxa4 Rxe4 31. Rxb4 d5 32. Nxb6 Rxb4 33. Nxc8 Kxc8
34. b3 Rxb5 35. Re1 Kd7 36. Ra1 Ke6 37. Ra6+ Kf5 38. Bf2 Rc8 39. Ra2 Rb7 40.
Be1 Re7 41. Ra1 Rxc2 42. Rd1 d4 43. b4 d3 44. h3 d2 45. g4+ Kg6 0-1